书目信息 |
| 题名: |
全球银行办公大楼设计
|
|
| 作者: | 巴阿蒙 著 | |
| 分册: | ||
| 出版信息: | 北京 中国建筑工业出版社 2014.01 |
|
| 页数: | 166页 | |
| 开本: | 20cm | |
| 丛书名: | ||
| 单 册: | ||
| 中图分类: | X799.303-65 , TU247.1 | |
| 科图分类: | ||
| 主题词: | 民用建筑--建筑设计 | |
| 电子资源: | ||
| ISBN: | 978-7-112-15112-7 | |
| 000 | 00624nam0 2200205 45 | |
| 001 | 1939266388 | |
| 005 | 20191106105639.12 | |
| 010 | @a978-7-112-15112-7@dRMB 198.00 | |
| 100 | @a20020415d2014 km y0chiy0120 ea | |
| 101 | 0 | @achi |
| 102 | @aCN@b110000 | |
| 200 | 1 | @a全球银行办公大楼设计@Aquan qiu yin hang ban gong da lou she ji@f(西)巴阿蒙等著@F(xi)ba a meng deng zhu |
| 210 | @a北京@c中国建筑工业出版社@d2014.01 | |
| 215 | @a166页@d20cm | |
| 606 | 0 | @a民用建筑@x建筑设计 |
| 690 | @aX799.303-65@v3 | |
| 690 | @aTU247.1@v4 | |
| 701 | 0 | @a巴阿蒙@Aba a meng@4著 |
| 801 | 0 | @aCN@bPFT@c20191106 |
| 905 | @a10447@dTU247.1@eB014 | |
| 全球银行办公大楼设计/(西)巴阿蒙等著.-北京:中国建筑工业出版社,2014.01 |
| 166页;20cm |
| ISBN 978-7-112-15112-7:RMB 198.00 |
| ● |
| 相关链接 |
|
|
|
正题名:全球银行办公大楼设计
索取号:TU247.1/B014
 
预约/预借
| 序号 | 登录号 | 条形码 | 馆藏地/架位号 | 状态 | 备注 |
| 1 | 1306921 | 213069212 | 建筑库101/101建筑库 107排2列5层/ [索取号:TU247.1/B014] | 在馆 | |
| 2 | 1306922 | 213069221 | 建筑库101/101建筑库 107排2列5层/ [索取号:TU247.1/B014] | 在馆 | |
| 3 | 1306923 | 213069230 | 建筑库101/101建筑库 107排2列5层/ [索取号:TU247.1/B014] | 在馆 |